000 00738nam a2200265Ia 4500
003 OSt
005 20221007111134.0
006 a|||||r|||| 00| 0
007 ta
008 221006b |||||||| |||| 00| 0 eng d
024 _a22,645
037 _cTextual
040 _aLCO
_cLCO
_beng
041 _2eng
_aeng
082 _aX71:8E, L4
100 _aMurthy Guruprasad
245 0 _aManagement by Ordinances Foreword by Prof. (Dr.) K.S. Basu
260 _aBombay
_bN.M. Tripathi Private Ltd. India
_c1974
300 _a138
500 _aAn Anti - Inflationary Offensive
650 _a MANAGEMENT
650 _aORDINANCE
_9708290
942 _hX71:8E, L4
_cTEXL
999 _c1192208
_d1192208